| 000 | 00531nam a2200169 u 4500 | ||
|---|---|---|---|
| 001 | 000020427 | ||
| 005 | 20200929170420.0 | ||
| 008 | 100813s2015 dr 000 0 spa d | ||
| 020 | _a9789945852431 | ||
| 040 |
_aDO-SdBNP _bspa _cBNPHU |
||
| 082 |
_axxx _bxxx |
||
| 100 | 1 |
_aMéndez Velasco, Neptalí _943094 |
|
| 245 | 1 | 0 |
_aManual de prácticas de ecología / _cNeptalí Mendez Velasco. |
| 260 |
_aSanto Domingo : _bUniversidad Adventista Dominicana, _c2015. |
||
| 300 |
_a71 p. : _bil., ; _c29 cm. |
||
| 500 | _aBibliografía : p. 67 | ||
| 999 |
_c19931 _d19931 |
||